Statistics for Famous People from the 10th Century AD

Click here to take the quiz!

General Stats

  • This quiz has been taken 39 times
  • The average score is 4 of 15

Answer Stats

HintAnswer% Correct
Discoverer of GreenlandErik the Red
83%
1. HRE Emperor, who defeated the Hungarians at the Battle at LechfeldOtto I
66%
First King of NorwayHarald Fairhair
40%
Persian polymath, especially renowned for Medicine, also known as Ibn SinaAvicenna
31%
Ruler of the Rus, who married a byzantine princess and christianized RussiaVladimir the Great
29%
First non-Frankish king of Germany and founder of the Ottonian dynastyHenry the Fowler
26%
First not-Carolingian King of Western FranciaHugh Capet
26%
Viking, who became ruler of NormandyRollo
26%
First mentioned Ruler of Poland, converted to Christianity and expanded his realmMieszko I
17%
First not-Carolingian King of Eastern FranciaConrad I
9%
Emperor of Bulgaria, conquered parts of Byzantium, founded the independent Bulgarian PatriachatSimeon I
6%
First Emperor of the Song Dynasty in ChinaTaizu of Song
3%
Founder of the Fatimid CaliphatAbdullah al-Mahdi Billah
0%
"Father of modern optics", invented the magnifying glassIbn al-Haytham
0%
Founder of the Goryeo dynasty in KoreaTaejo of Goryeo
0%

Score Distribution

Percentile by Number Answered

Percent of People with Each Score

Your Score History

You have not taken this quiz